书目信息 |
| 题名: |
现代西方哲学教程
|
|
| 作者: | 夏基松 著 | |
| 分册: | ||
| 出版信息: | 上海 上海人民出版社 1985.11 |
|
| 页数: | 620页 | |
| 开本: | 20cm | |
| 丛书名: | ||
| 单 册: | ||
| 中图分类: | B505 | |
| 科图分类: | ||
| 主题词: | 哲学--欧洲 | |
| 电子资源: | ||
| ISBN: | 7-208-00128-6 | |
| 000 | 00511nam0 2200181 45 | |
| 001 | 0181023876 | |
| 005 | 20070704173347.03 | |
| 010 | @dCNY3.70@a7-208-00128-6 | |
| 100 | @a20810111d km y0chiy0120 ea | |
| 101 | 0 | @achi |
| 200 | 1 | @a现代西方哲学教程@AXian Dai Xi Fang Zhe Xue Jiao Cheng@f夏基松著@FXia Ji Song Zhu |
| 210 | @a上海@c上海人民出版社@d1985.11 | |
| 215 | @a620页@d20cm | |
| 606 | 0 | @a哲学@x欧洲 |
| 690 | @aB505@v3 | |
| 701 | 0 | @a夏基松@4著 |
| 801 | @aCN@bTSTC@c20070704 | |
| 905 | @dB505@e31@f1@b231109 | |
| 现代西方哲学教程/夏基松著.-上海:上海人民出版社,1985.11 |
| 620页;20cm |
| ISBN 7-208-00128-6:CNY3.70 |
| ● |
| 相关链接 |
|
|
|
|
正题名:现代西方哲学教程
索取号:B505/31
 
预约/预借
| 序号 | 登录号 | 条形码 | 馆藏地/架位号 | 状态 | 备注 |
| 1 | 0231109 | 001782486 | 密集书库/ [索取号:B505/31] | 在馆 | |
| 2 | 0765169 | 207651691 | 密集书库/ [索取号:B505/31] | 在馆 |